Anyday English For Effective Communication (Record no. 82776)

MARC details
000 -LEADER
fixed length control field 00295nam a2200109Ia 4500
008 - FIXED-LENGTH DATA ELEMENTS--GENERAL INFORMATION
fixed length control field 221102s9999 xx 000 0 und d
041 ## - LANGUAGE CODE
Language code of text/sound track or separate title eng
082 ## - DEWEY DECIMAL CLASSIFICATION NUMBER
Item number Rao
100 ## - MAIN ENTRY--PERSONAL NAME
Personal name Rao Mortha Prabhakara
9 (RLIN) 95642
245 ## - TITLE STATEMENT
Title Anyday English For Effective Communication
260 ## - PUBLICATION, DISTRIBUTION, ETC. (IMPRINT)
Name of publisher, distributor, etc. English Edition
Holdings
Withdrawn status Lost status Damaged status Not for loan Collection code Home library Current library Date acquired Full call number Barcode Date last seen Bill Date Koha item type Original Barcode
        BCA College Of Computer Application For Women , Satara College Of Computer Application For Women , Satara 27/09/2021 RAO BCAS-A-1113 04/11/2022 04/11/2022 Books A01113